[Event "34th Chess Olympiad (women)"]
[Site "Istanbul"]
[Date "2000.11.04"]
[Round "7.29.1"]
[White "Hund, Barbara"]
[Black "Koskoska, Gabriela"]
[WhiteElo "2292"]
[BlackElo "2219"]
[WhiteCountry "SUI"]
[BlackCountry "FRM"]
[Result "1-0"]

1. e4 c5 2. Nf3 e6 3. d4 cxd4 4. Nxd4 a6 5. Bd3 Qb6 6. Nb3 Qc7 7. a4 Nf6 
8. f4 d6 9. Nc3 Nbd7 10. Qe2 b6 11. O-O Be7 12. Bd2 Bb7 13. Rae1 e5 14. g4 g6 
15. g5 Nh5 16. f5 Qd8 17. Bc4 Nf4 18. Bxf4 exf4 19. f6 Bf8 20. Rxf4 Ne5 
21. Bd5 Qc7 22. Nd4 O-O-O 23. Bxb7+ Kxb7 24. Nd5 Qc5 25. c3 h6 26. Rh4 Rg8 
27. gxh6 Rh8 28. h7 Qc8 29. Kg2 Re8 30. b3 g5 31. Rh5 Ng6 32. Rxg5 Rxh7 
33. Nf5 Re5 34. Qf2 Qc6 35. Kh1 Rh8 36. c4 Re8 37. b4 Ne5 38. b5 Qc5 
39. bxa6+ Ka7 40. Qxc5 dxc5 41. Re2 Nxc4 42. Nfe7 Bh6 43. Rh5 Bd2 44. Nc7 Kb8 
45. Nxe8 Rxh5 46. Nc6+ Kc8 47. a7 Kb7 48. Nc7 Rh8 49. a8=Q+ Rxa8 50. Nxa8 Kxc6 
51. e5 Kb7 52. e6 fxe6 53. Nxb6 Kxb6 54. f7 
1-0

[Event "34th Chess Olympiad (women)"]
[Site "Istanbul"]
[Date "2000.11.04"]
[Round "7.29.2"]
[White "Kierzek, Mira"]
[Black "Gruenenwald, Evi"]
[WhiteElo "2028"]
[BlackElo "2038"]
[WhiteCountry "FRM"]
[BlackCountry "SUI"]
[Result "1/2-1/2"]

1. e4 c5 2. Nc3 d6 3. f4 Nc6 4. Nf3 g6 5. Bb5 Bg7 6. O-O Bg4 7. Qe1 Bxf3 
8. Rxf3 e6 9. d3 Nge7 10. f5 Bd4+ 11. Kh1 Qd7 12. fxe6 fxe6 13. Bg5 a6 
14. Bxc6 Nxc6 15. Qe2 Bg7 16. Rf2 h6 17. Bf6 h5 18. Raf1 Rg8 19. h3 Bxf6 
20. Rxf6 Ne5 21. Nd1 O-O-O 22. a3 Qe7 23. Qf2 g5 24. Ne3 g4 25. Qf4 gxh3 
26. gxh3 Rg7 27. Kh2 Rdg8 28. Rf8+ Kc7 29. Rxg8 Rxg8 30. Rf2 Rg7 31. Qf6 Kd7 
1/2-1/2

[Event "34th Chess Olympiad (women)"]
[Site "Istanbul"]
[Date "2000.11.04"]
[Round "7.29.3"]
[White "Bohrer Moser, Ruth"]
[Black "Janevska, Aleksandra"]
[WhiteElo "2015"]
[BlackElo "2020"]
[WhiteCountry "SUI"]
[BlackCountry "FRM"]
[Result "1/2-1/2"]

1. d4 Nf6 2. c4 g6 3. Nc3 Bg7 4. e4 d6 5. f4 e5 6. d5 O-O 7. Nf3 Na6 8. Bd3 Nc5 
9. fxe5 dxe5 10. O-O Bg4 11. b4 Nxd3 12. Qxd3 a5 13. b5 Bxf3 14. Rxf3 Qd6 
15. a4 Nd7 16. Ba3 Nc5 17. Qe3 b6 18. Raf1 Rad8 19. Bxc5 bxc5 20. g4 f6 
21. h3 Rf7 22. Kg2 Bf8 23. h4 Be7 24. h5 gxh5 25. gxh5 Rg7+ 26. Rg3 Rxg3+ 
27. Qxg3+ Kf7 28. Kf3 Rg8 29. Qh3 Rg5 30. Ke3 Bf8 31. Kd3 Bh6 32. Nd1 Rg8 
33. Qf5 Rg7 34. Nf2 Bf4 35. Ng4 h6 36. Rxf4 exf4 37. e5 Qd8 38. Qxf4 Rg5 
39. Nxf6 Kg7 40. Ke4 Qe7 41. Qh2 Kf8 42. Qf4 Kg7 43. Qh2 Kf8 44. Qf4 
1/2-1/2

[Event "34th Chess Olympiad (women)"]
[Site "Istanbul"]
[Date "2000.11.04"]
[Round "7.30.1"]
[White "Charest, Johanne"]
[Black "Hagesaether, Ellen"]
[WhiteElo "2136"]
[BlackElo "2044"]
[WhiteCountry "CAN"]
[BlackCountry "NOR"]
[Result "0-1"]

1. e4 d6 2. d4 Nf6 3. Nc3 g6 4. Be3 Bg7 5. Nf3 O-O 6. Qd2 c6 7. Be2 Nbd7 
8. Bh6 e5 9. dxe5 dxe5 10. Rd1 Qb6 11. Na4 Bxh6 12. Qxh6 Qxf2+ 13. Kxf2 Ng4+ 
14. Kf1 Nxh6 15. h3 f5 16. Bc4+ Kh8 17. Nc3 b5 18. Be6 Nc5 19. Bxc8 Raxc8 
20. Nxe5 fxe4+ 21. Ke1 Nf5 22. Kd2 Ng3 23. Rhe1 Rf2+ 24. Kc1 b4 25. Nb1 Ne2+ 
0-1

[Event "34th Chess Olympiad (women)"]
[Site "Istanbul"]
[Date "2000.11.04"]
[Round "7.30.3"]
[White "Chu, Stefanie"]
[Black "Johnsen, Sylvia"]
[WhiteElo "2020"]
[BlackElo "2049"]
[WhiteCountry "CAN"]
[BlackCountry "NOR"]
[Result "0-1"]

1. e4 g6 2. d4 c6 3. Nc3 d5 4. h3 Bg7 5. Nf3 dxe4 6. Nxe4 Nd7 7. Bc4 Ngf6 
8. Nxf6+ Nxf6 9. O-O Nd5 10. a4 O-O 11. Re1 a5 12. c3 Re8 13. Bg5 Be6 
14. Qb3 Qc8 15. Bh4 f6 16. Re2 Bf7 17. Rae1 e6 18. Bg3 Qd7 19. Nd2 Bf8 
20. Ne4 Kg7 21. Bxd5 cxd5 22. Nd2 Rec8 23. Re3 Ra6 24. Qd1 b5 25. axb5 Qxb5 
26. Qe2 Qxe2 27. R1xe2 a4 28. Nb1 Rb6 29. f3 Rcc6 30. Be1 Rb3 31. f4 Rcb6 
32. c4 Rxe3 33. Rxe3 Rxb2 34. Na3 dxc4 35. Nxc4 Rb1 36. Kf2 e5 37. Nd2 
0-1

[Event "34th Chess Olympiad (women)"]
[Site "Istanbul"]
[Date "2000.11.04"]
[Round "7.31.1"]
[White "Oney, Fatmanur"]
[Black "Al-Sherkh Khade, Wasila"]
[WhiteElo "2038"]
[BlackElo "2000"]
[WhiteCountry "TURA"]
[BlackCountry "SYR"]
[Result "1-0"]

1. d4 d5 2. c4 Nc6 3. Nf3 Bg4 4. e3 e6 5. Nc3 Bb4 6. Bd2 Nf6 7. h3 Bh5 
8. Be2 Bxc3 9. Bxc3 Ne4 10. Qb3 Rb8 11. Rc1 Nxc3 12. Qxc3 O-O 13. b4 Ne7 
14. O-O c6 15. Rfe1 dxc4 16. Qxc4 Nd5 17. Ne5 Bxe2 18. Rxe2 Nb6 19. Qc3 Nd7 
20. Nd3 Qb6 21. a4 Rfc8 22. Qb3 a5 23. Rc4 Rc7 24. Rec2 h6 25. b5 Nf6 
26. Qa3 Rbc8 27. Qc1 Nd5 28. e4 Ne7 29. Qf4 Rd8 30. Qe3 Rcd7 31. Nc5 Rd6 
32. Qc3 Kh7 33. Rb2 Rb8 34. bxc6 Qc7 35. cxb7 Rc6 36. Rb5 
1-0

[Event "34th Chess Olympiad (women)"]
[Site "Istanbul"]
[Date "2000.11.04"]
[Round "7.31.2"]
[White "Al -Jindi, Nibal"]
[Black "Cavusoglu, Yildiz"]
[WhiteElo "2000"]
[BlackElo "2000"]
[WhiteCountry "SYR"]
[BlackCountry "TURA"]
[Result "1/2-1/2"]

1. e4 e5 2. Nf3 Nf6 3. Nxe5 d6 4. Nf3 Nxe4 5. d4 d5 6. Bd3 Nc6 7. O-O Be7 
8. Re1 Bg4 9. c3 Nf6 10. Nbd2 O-O 11. h3 Bh5 12. Qc2 Bg6 13. Bxg6 hxg6 
14. Ne5 Qd6 15. Ndf3 Nd7 16. Bf4 Ndxe5 17. Nxe5 Nxe5 18. Bxe5 Qd7 19. Re2 Rfe8 
20. Rae1 b6 21. Qd3 c6 22. Bg3 Bf6 23. Rxe8+ Rxe8 24. Rxe8+ Qxe8 25. Qe3 Qe7 
26. Kf1 Qxe3 27. fxe3 Bd8 28. Ke2 f5 29. Be5 Kf7 30. g4 Bf6 31. Bb8 a6 
32. Kd3 Ke6 33. b3 b5 34. a3 Be7 35. b4 Bf6 36. Ke2 Bh4 37. Be5 Kf7 38. Kd2 Bf6 
39. Bg3 Ke6 40. Ke2 Bd8 41. Kf3 a5 42. h4 axb4 43. axb4 Be7 44. g5 Bd6 
45. Bf4 Bf8 46. Be5 Kf7 47. Kg3 Be7 48. Kf4 Bf8 49. Bc7 Ke6 50. Bb8 Be7 
51. Be5 Bf8 52. Kg3 Kf7 53. Kf4 Ke6 
1/2-1/2

[Event "34th Chess Olympiad (women)"]
[Site "Istanbul"]
[Date "2000.11.04"]
[Round "7.31.3"]
[White "Yildiz, Betul"]
[Black "Mir Mahmoud, Afamia"]
[WhiteElo "2000"]
[BlackElo "2000"]
[WhiteCountry "TURA"]
[BlackCountry "SYR"]
[Result "1-0"]

1. d4 Nf6 2. Nf3 g6 3. Bg5 d5 4. e3 Bg7 5. Nbd2 O-O 6. c3 Nbd7 7. Bd3 b6 
8. O-O Bb7 9. Bxf6 Bxf6 10. e4 dxe4 11. Bxe4 c6 12. Re1 Qc7 13. Nc4 Rfd8 
14. Qb3 e6 15. Nce5 Rac8 16. Nxd7 Rxd7 17. Rad1 Rcd8 18. Nd2 e5 19. dxe5 Rxd2 
20. exf6 Qf4 21. Bf3 Qxf6 22. Rxd2 Rxd2 23. Rd1 Qe7 24. g3 Rxd1+ 25. Qxd1 c5 
26. Bxb7 Qxb7 27. Qd3 Qc6 28. Qd8+ Kg7 29. Qe7 a6 30. Qe5+ Qf6 31. Qe3 Qd6 
32. Qe2 b5 33. b3 Qd5 34. Qe3 h6 35. Qe2 h5 36. Qe3 c4 37. bxc4 Qxc4 
38. Qd2 Qe6 39. Kg2 Kf6 40. Qd4+ Qe5 41. Qd8+ Kf5 42. Qc8+ Qe6 43. Qc5+ Kf6 
44. Qd4+ Qe5 45. Qd8+ Kg7 46. Qd2 Qe4+ 47. f3 Qc6 48. Qd4+ f6 49. Qa7+ Kh6 
50. Qe3+ g5 51. Kf2 Qc4 52. Qd2 Kg6 53. Qc2+ Kg7 54. Qd2 Qc6 55. Qe3 Kf7 
56. Qd3 Qc5+ 57. Kg2 Ke6 58. Qd2 a5 59. Kf1 Qe5 60. Kf2 h4 61. Qd3 hxg3+ 
62. hxg3 Qc5+ 63. Ke2 f5 64. Qd2 Qc4+ 65. Kf2 f4 66. g4 b4 67. cxb4 Qxb4 
68. Ke2 Ke5 69. Qc2 Qb5+ 70. Kd2 Qb4+ 71. Ke2 Qb5+ 72. Kd2 Qd5+ 73. Ke2 Kd6 
74. Qd3 Kc5 75. Qxd5+ Kxd5 76. Kd3 a4 77. a3 Kc5 78. Ke4 Kc4 79. Kf5 Kb3 
80. Kxg5 Kxa3 81. Kxf4 Kb2 82. g5 a3 83. g6 a2 84. g7 a1=Q 85. g8=Q Qa4+ 
86. Kg3 Kc3 87. Qc8+ Kd3 88. Qf5+ Ke3 89. Qg5+ Kd3 90. f4 Qe8 91. Qd5+ Ke3 
92. Qe5+ 
1-0

[Event "34th Chess Olympiad (women)"]
[Site "Istanbul"]
[Date "2000.11.04"]
[Round "7.32.1"]
[White "Cast, Abigail"]
[Black "Gretarsdottir, Lilja"]
[WhiteElo "2114"]
[BlackElo "2000"]
[WhiteCountry "WLS"]
[BlackCountry "ISL"]
[Result "1/2-1/2"]

1. d4 d5 2. c4 c6 3. Nc3 Nf6 4. Nf3 dxc4 5. a4 Bf5 6. e3 e6 7. Bxc4 Bb4 
8. O-O Nbd7 9. Bd2 Bg6 10. Re1 O-O 11. Nh4 Qa5 12. Nxg6 hxg6 13. Qc2 Rac8 
14. e4 e5 15. dxe5 Nxe5 16. Bf1 Rcd8 17. Bf4 Rd7 18. Red1 Rfd8 19. Na2 Bd6 
20. g3 Nf3+ 21. Kg2 Bxf4 22. Rxd7 Rxd7 23. Kxf3 Rd2 24. Qc4 Qh5+ 25. Kxf4 Rxf2+ 
26. Ke3 Qf3+ 27. Kd4 Qxe4+ 28. Kc5 b6+ 29. Kb4 Rxb2+ 30. Ka3 Rxh2 31. Bd3 Qe5 
32. Rb1 Qxg3 33. Nb4 c5 34. Nc6 Rh3 35. Rb3 Qe1 36. Bb1 Rxb3+ 37. Qxb3 Qc1+ 
38. Ka2 c4 39. Qh3 c3 40. Qc8+ Kh7 41. Qh3+ Kg8 42. Qc8+ Kh7 
1/2-1/2

[Event "34th Chess Olympiad (women)"]
[Site "Istanbul"]
[Date "2000.11.04"]
[Round "7.32.2"]
[White "Ingolfsdottir, Harpa"]
[Black "Evans-Quek, Deborah"]
[WhiteElo "2100"]
[BlackElo "2150"]
[WhiteCountry "ISL"]
[BlackCountry "WLS"]
[Result "0-1"]

1. e4 c5 2. Nf3 e6 3. d4 cxd4 4. Nxd4 Nf6 5. Nc3 d6 6. Be3 Nc6 7. f3 e5 
8. Ndb5 a6 9. Na3 b5 10. Nd5 Nxd5 11. exd5 Na5 12. Bd3 b4 13. Nc4 Nxc4 
14. Bxc4 Qh4+ 15. g3 Qxc4 16. Qd2 Be7 17. b3 Qb5 18. Qe2 Qxd5 19. O-O Bb7 
20. Rad1 Qc6 21. Rd2 O-O 22. h4 d5 23. Qh2 d4 24. Bg5 f6 
0-1

[Event "34th Chess Olympiad (women)"]
[Site "Istanbul"]
[Date "2000.11.04"]
[Round "7.32.3"]
[White "Powell, Annie"]
[Black "Kristinsdottir, A"]
[WhiteElo "2000"]
[BlackElo "2025"]
[WhiteCountry "WLS"]
[BlackCountry "ISL"]
[Result "1-0"]

1. e4 c5 2. Nc3 d6 3. Nge2 g6 4. d4 cxd4 5. Nxd4 Bg7 6. Be3 Nf6 7. Qd2 Nc6 
8. f3 a6 9. O-O-O Qc7 10. g4 b5 11. h4 h5 12. g5 Nd7 13. Nd5 Qb7 14. Nxc6 Qxc6 
15. Bd4 Rg8 16. Bxg7 Rxg7 17. Qd4 Rg8 18. f4 Bb7 19. Bh3 Rd8 20. Rhe1 Qc5 
21. Qxc5 Nxc5 22. Nc7+ Kf8 23. e5 Bc8 24. exd6 exd6 25. Bxc8 Rxc8 26. Nd5 Rh8 
27. Nf6 Rd8 28. Rd5 Ne6 29. f5 Nc7 30. Rd2 gxf5 31. Rf2 d5 32. Rxf5 d4 
33. Rd1 Ne6 34. Rd3 Kg7 35. Ra3 Kg6 36. Re5 Rd6 37. Ne4 Rc6 38. Rf3 Rhc8 
39. Rf2 d3 40. c3 b4 41. Kd2 bxc3+ 42. bxc3 Rd8 43. Rf6+ Kg7 44. Ref5 Rc7 
45. Rf3 Rb7 46. Rxd3 Rb2+ 47. Ke3 Rxd3+ 48. Kxd3 Rxa2 49. Nd6 Nd8 50. Nf5+ Kg8 
51. Kc4 a5 52. Kb3 Ra1 53. c4 Rc1 54. Ra6 Nb7 55. Ra8+ Kh7 56. Rc8 Kg6 
57. Ne7+ Kg7 58. Rc7 Rb1+ 59. Kc2 Rb4 60. Nd5 Ra4 61. Nb6 Ra2+ 62. Kb3 Rh2 
63. Rxb7 Rxh4 64. c5 Rb4+ 65. Ka3 Rb5 66. c6 Rxg5 67. c7 Rc5 68. c8=Q Rxc8 
69. Nxc8 Kg6 70. Nd6 f6 71. Rb1 h4 72. Rh1 Kg5 73. Ne4+ Kg4 74. Nxf6+ Kg3 
75. Ne4+ Kg4 76. Nf2+ Kg3 77. Ka4 
1-0

[Event "34th Chess Olympiad (women)"]
[Site "Istanbul"]
[Date "2000.11.04"]
[Round "7.33.1"]
[White "Al-Rufei, Eman H"]
[Black "Sultan, Hoda"]
[WhiteElo "2031"]
[BlackElo "2000"]
[WhiteCountry "IRQ"]
[BlackCountry "UAE"]
[Result "1/2-1/2"]

1. e4 e5 2. Nf3 Nc6 3. Bc4 Nf6 4. d3 Bc5 5. Nc3 d6 6. Bg5 h6 7. Bh4 g5 
8. Nxg5 hxg5 9. Bxg5 Rg8 10. h4 Be6 11. Nd5 Bxd5 12. exd5 Nb8 13. Qf3 Rg6 
14. O-O-O Qe7 15. Bb5+ Nbd7 16. Bxd7+ Kxd7 17. Qf5+ Ke8 18. h5 Rxg5 
19. Qxg5 Nxd5 20. Qg3 Kd7 21. Qg4+ Qe6 22. Qxe6+ Kxe6 23. Rdf1 Rh8 24. g4 Nf6 
25. Rh4 c6 26. Kd2 Bb6 27. f4 Nd5 28. fxe5 dxe5 29. Rf3 Bd8 30. Rhh3 Bg5+ 
31. Kd1 Nf6 32. Rfg3 Nd5 33. c4 
1/2-1/2

[Event "34th Chess Olympiad (women)"]
[Site "Istanbul"]
[Date "2000.11.04"]
[Round "7.33.2"]
[White "Hassan, Amina"]
[Black "Jamal, Jawan"]
[WhiteElo "2000"]
[BlackElo "2000"]
[WhiteCountry "UAE"]
[BlackCountry "IRQ"]
[Result "0-1"]

1. e4 c6 2. d4 d5 3. exd5 cxd5 4. c4 e6 5. Nc3 Nf6 6. Nf3 Be7 7. Bd3 O-O 
8. O-O Nc6 9. a3 a5 10. Re1 dxc4 11. Bxc4 b6 12. Bd3 Bb7 13. Bc2 Nd5 14. Qd3 g6 
15. Bh6 Re8 16. Ne4 Nb8 17. Neg5 Bf8 18. Bxf8 Rxf8 19. h4 Nd7 20. Ne5 Nxe5 
21. Rxe5 Nf4 22. Qd1 Qd6 23. Ne4 Bxe4 24. Bxe4 Rad8 25. Qf3 Nh5 26. Rd1 Qe7 
27. g3 Qf6 28. Qg4 Ng7 29. h5 Rd6 30. hxg6 fxg6 31. Rd2 Rxd4 32. Rxd4 Qxf2+ 
33. Kh1 Qf1+ 
0-1

[Event "34th Chess Olympiad (women)"]
[Site "Istanbul"]
[Date "2000.11.04"]
[Round "7.33.3"]
[White "Ameen, S."]
[Black "Hassan, Jawaher"]
[WhiteElo "2152"]
[BlackElo "2000"]
[WhiteCountry "IRQ"]
[BlackCountry "UAE"]
[Result "0-1"]

1. d4 Nf6 2. Nf3 g6 3. c4 Bg7 4. Bg5 d6 5. Nc3 h6 6. Bh4 O-O 7. e3 Nbd7 
8. Qc2 e5 9. dxe5 dxe5 10. O-O-O Qe8 11. Bxf6 Nxf6 12. Bd3 c6 13. h3 Rb8 
14. g4 b5 15. Nd2 Be6 16. Rdg1 bxc4 17. Bxc4 Bxc4 18. Nxc4 Qe6 19. b3 Nd5 
20. e4 Nb6 21. Nb2 Na8 22. Rd1 Nc7 23. Ne2 Nb5 24. Rd2 Rfd8 25. Rhd1 Rxd2 
26. Rxd2 h5 27. Kd1 hxg4 28. hxg4 Qxg4 29. Qxc6 Nd4 30. Qd5 Qh5 31. Nd3 Qh1+ 
32. Ne1 Nf3 33. Kc1 Qxe1+ 34. Rd1 Qxe2 35. Qd6 
0-1

[Event "34th Chess Olympiad (women)"]
[Site "Istanbul"]
[Date "2000.11.04"]
[Round "7.34.1"]
[White "Minnaar, Michelle"]
[Black "Smith, Vivian"]
[WhiteElo "2062"]
[BlackElo "2000"]
[WhiteCountry "RSA"]
[BlackCountry "NZL"]
[Result "1-0"]

1. d4 Nf6 2. Nf3 g6 3. Bg5 Bg7 4. Nbd2 d5 5. e3 O-O 6. Be2 c6 7. O-O Nbd7 
8. c4 Re8 9. b4 e5 10. c5 e4 11. Ne1 Nf8 12. a4 Ne6 13. Bh4 h6 14. Nc2 Nf8 
15. b5 g5 16. Bg3 Ng6 17. Nb4 Ne7 18. bxc6 Nxc6 19. Nxc6 bxc6 20. a5 Qd7 
21. Qa4 h5 22. Rfb1 h4 23. Be5 Nh7 24. Bxg7 Kxg7 25. Rb2 f5 26. Rab1 Qe6 
27. Rb8 Rxb8 28. Rxb8 Re7 29. a6 Rc7 30. Nb3 Nf8 31. Na5 Nd7 32. Rb1 Nf6 
33. Nb7 Ne8 34. Qa5 Qe7 35. Qb4 Kg6 36. Qb3 Qd7 37. Qd1 Bxb7 38. axb7 Rxb7 
39. Rxb7 Qxb7 40. Bh5+ Kf6 41. Bxe8 a5 42. h3 Qb5 43. Qh5 
1-0

[Event "34th Chess Olympiad (women)"]
[Site "Istanbul"]
[Date "2000.11.04"]
[Round "7.34.2"]
[White "Mikhailik, Eleonora"]
[Black "Frick, Denise"]
[WhiteElo "2000"]
[BlackElo "2000"]
[WhiteCountry "NZL"]
[BlackCountry "RSA"]
[Result "1-0"]

1. e4 e6 2. d4 d5 3. Nd2 Nf6 4. e5 Nfd7 5. f4 c5 6. Ngf3 Nc6 7. c3 Be7 
8. Bd3 cxd4 9. cxd4 f5 10. O-O O-O 11. b3 Nb6 12. Kh1 Bd7 13. Bb2 Rc8 
14. Rc1 Nb4 15. Bb1 Bb5 16. Rg1 Rxc1 17. Bxc1 Qc7 18. Nf1 Rc8 19. Ne3 Qc3 
20. Bd2 Qc7 21. g4 fxg4 22. Nxg4 Bd3 23. Bxb4 Bxb1 24. Qxb1 Bxb4 25. Nf6+ Kf8 
26. Qxh7 g6 27. Qg8+ Ke7 28. Qxg6 Rf8 29. Ng5 Qc6 30. Qg7+ Kd8 31. Ngh7 Qc3 
32. Nxf8 Qf3+ 33. Qg2 Qxg2+ 34. Rxg2 Bxf8 35. h4 Nc8 36. Rg8 Ke7 37. Nh7 
1-0

[Event "34th Chess Olympiad (women)"]
[Site "Istanbul"]
[Date "2000.11.04"]
[Round "7.34.3"]
[White "Van Der Merwe, Cecile"]
[Black "Courtney, Helen"]
[WhiteElo "2000"]
[BlackElo "2000"]
[WhiteCountry "RSA"]
[BlackCountry "NZL"]
[Result "0-1"]

1. e4 e6 2. d4 d5 3. Nc3 Bb4 4. e5 c5 5. Bd2 a6 6. a3 cxd4 7. Nce2 Bxd2+ 
8. Qxd2 Nc6 9. Nf3 Nge7 10. Nexd4 Bd7 11. Bd3 O-O 12. c3 Nxd4 13. cxd4 Qb6 
14. O-O Bb5 15. Rfd1 Bxd3 16. Qxd3 Nf5 17. b4 Rac8 18. Rac1 Qa7 19. Rc3 Rxc3 
20. Qxc3 h6 21. Qc7 Re8 22. Qd7 Qa8 23. Rc1 Rd8 24. Qc7 Kf8 25. a4 Ne7 
26. Qc3 Rc8 27. Qa3 b5 28. a5 Rxc1+ 29. Qxc1 Qc6 30. Qd2 Qc4 31. Ne1 Nc6 
32. Nc2 Ke8 33. h3 Ne7 34. Ne3 Qb3 35. Kh2 Nc6 36. Nc2 Kd7 37. Kg1 Qb1+ 
38. Kh2 Qb2 39. Kg1 Ke8 40. f4 Nxb4 41. Qxb4 Qxc2 42. Qd6 Qc1+ 43. Kh2 Qxf4+ 
44. g3 Qd2+ 45. Kh1 Qc1+ 46. Kg2 Qc2+ 47. Kf3 Qe4+ 48. Kf2 Qxd4+ 49. Ke2 Qc4+ 
50. Kd2 Qa2+ 51. Kd1 Qb3+ 52. Kd2 Qb2+ 53. Kd1 Qd4+ 54. Ke1 Qc3+ 55. Kd1 Qc8 
56. g4 d4 57. h4 d3 58. Qxd3 Qd7 59. Ke2 Qxd3+ 60. Kxd3 f5 61. exf6 gxf6 
62. Kd4 Kd7 63. Kc5 e5 64. g5 fxg5 65. hxg5 hxg5 66. Kb6 b4 67. Kxa6 b3 
68. Kb7 b2 69. a6 b1=Q+ 70. Ka8 Kc7 71. a7 Qb7# 
0-1

[Event "34th Chess Olympiad (women)"]
[Site "Istanbul"]
[Date "2000.11.04"]
[Round "7.35.1"]
[White "Castillo Melendez, Dina"]
[Black "Zepeda, Sonia"]
[WhiteElo "2071"]
[BlackElo "2046"]
[WhiteCountry "GUA"]
[BlackCountry "ESA"]
[Result "1-0"]

1. e4 d5 2. exd5 Qxd5 3. Nc3 Qa5 4. d4 c6 5. Nf3 Bg4 6. Bc4 e6 7. h3 Bxf3 
8. Qxf3 Nf6 9. Bb3 Nbd7 10. Bd2 Qc7 11. O-O-O Bd6 12. Rhe1 O-O-O 13. Ne4 Nxe4 
14. Qxe4 Nf6 15. Qf3 h6 16. Kb1 Kb8 17. c4 c5 18. dxc5 Qxc5 19. Bc3 Qc6 
20. Qxc6 bxc6 21. Rxd6 
1-0

[Event "34th Chess Olympiad (women)"]
[Site "Istanbul"]
[Date "2000.11.04"]
[Round "7.35.2"]
[White "Pastor, Tahnya"]
[Black "Martinez Porras, Ingrid"]
[WhiteElo "2000"]
[BlackElo "2104"]
[WhiteCountry "ESA"]
[BlackCountry "GUA"]
[Result "1-0"]

1. e4 e6 2. d4 d5 3. Nc3 Bb4 4. exd5 exd5 5. Bd3 Ne7 6. Nge2 a6 7. a3 Bd6 
8. O-O O-O 9. Ng3 c5 10. dxc5 Bxc5 11. Qh5 f5 12. Bg5 Nbc6 13. Rad1 g6 
14. Qh4 Ne5 15. Nxd5 Qxd5 16. Bxe7 Bxe7 17. Qxe7 Nc6 18. Qe2 Qe5 19. Bc4+ Kg7 
20. Qxe5+ Nxe5 21. Bd5 Rb8 22. Rfe1 Nc6 23. b4 Bd7 24. Bf3 Rbd8 25. c4 Bc8 
26. Bd5 Kf6 27. f4 Rfe8 28. Rxe8 Rxe8 29. Bxc6 bxc6 30. Rd6+ Re6 31. Rd8 Bb7 
32. Kf2 h6 33. Rd7 Re7 34. Rxe7 Kxe7 35. c5 Ke6 36. Ke3 Kd5 37. Kd3 a5 
38. h4 Ba6+ 39. Kc3 axb4+ 40. Kxb4 h5 41. a4 Kd4 42. Ka5 Bc4 43. Kb6 Kd5 
44. a5 Bb5 45. Nh1 Bc4 46. Nf2 Bb5 47. Nd1 Kc4 48. Nc3 Kxc3 49. a6 Bxa6 
50. Kxa6 Kc4 51. Kb6 Kd5 52. g3 Ke4 53. Kxc6 Kf3 54. Kd5 Kxg3 55. c6 Kxf4 
56. c7 Kg4 57. Ke5 
1-0

[Event "34th Chess Olympiad (women)"]
[Site "Istanbul"]
[Date "2000.11.04"]
[Round "7.35.3"]
[White "Mazariegos Kummerfeld, Silvia"]
[Black "Osorio, Lorena"]
[WhiteElo "2034"]
[BlackElo "2000"]
[WhiteCountry "GUA"]
[BlackCountry "ESA"]
[Result "1-0"]

1. d4 d5 2. e3 c6 3. Bd3 e6 4. Nd2 Nf6 5. f4 Nbd7 6. Ngf3 Be7 7. O-O O-O 
8. Ne5 c5 9. c3 c4 10. Bc2 Qc7 11. Qf3 b5 12. g4 Rd8 13. g5 Ne8 14. Qh5 g6 
15. Qg4 Ng7 16. Rf3 Nf8 17. h4 Nh5 18. Nf1 a5 19. Ng3 Ng7 20. h5 b4 21. Rf2 Rb8 
22. Rh2 Nf5 23. Qh3 Bd6 24. Ng4 b3 25. axb3 cxb3 26. Nf6+ Kh8 27. Bd3 Ra8 
28. e4 dxe4 29. hxg6 fxg6 30. Ngxe4 Ra7 31. Nxd6 Qxd6 32. Rxa5 Rf7 33. Ra3 Qb6 
34. Bxf5 exf5 35. Be3 Qb5 36. Ra1 Bb7 37. d5 Qc4 38. Bd4 Rc7 39. Ng4+ Kg8 
40. Nh6# 
1-0

[Event "34th Chess Olympiad (women)"]
[Site "Istanbul"]
[Date "2000.11.04"]
[Round "7.36.1"]
[White "Hind, Bahji"]
[Black "Villegas, Meylin"]
[WhiteElo "2000"]
[BlackElo "2000"]
[WhiteCountry "MAR"]
[BlackCountry "CRC"]
[Result "1/2-1/2"]

1. d4 d5 2. e3 Nf6 3. c4 e6 4. Nf3 c6 5. Nc3 Nbd7 6. Bd3 Bd6 7. O-O O-O 
8. e4 dxe4 9. Nxe4 Nxe4 10. Bxe4 h6 11. Bc2 Nf6 12. Qd3 b6 13. b3 Bb7 
14. Bb2 Re8 15. Rfe1 Rc8 16. Ne5 Qc7 
1/2-1/2

[Event "34th Chess Olympiad (women)"]
[Site "Istanbul"]
[Date "2000.11.04"]
[Round "7.36.2"]
[White "Murioz, Carolina"]
[Black "Kamal, Fatima"]
[WhiteElo "2000"]
[BlackElo "2000"]
[WhiteCountry "CRC"]
[BlackCountry "MAR"]
[Result "1-0"]

1. e4 d5 2. exd5 Qxd5 3. Nc3 Qa5 4. d4 c6 5. Nf3 Bf5 6. Bc4 e6 7. Bd2 Bb4 
8. a3 Bxc3 9. Bxc3 Qc7 10. O-O Nf6 11. Ne5 Nbd7 12. Nxd7 Qxd7 13. Qe2 O-O 
14. Rad1 Nd5 15. Be1 Qe7 16. Bxd5 cxd5 17. Bb4 Qg5 18. Bxf8 Bh3 19. Qf3 Bg4 
20. Qg3 f5 21. f3 f4 22. Qxg4 Qxg4 23. fxg4 Rxf8 24. Rde1 g5 25. Rxe6 Rc8 
26. c3 Rd8 27. Rfe1 
1-0

[Event "34th Chess Olympiad (women)"]
[Site "Istanbul"]
[Date "2000.11.04"]
[Round "7.36.3"]
[White "Zahira, El"]
[Black "Vega, Carla"]
[WhiteElo "2000"]
[BlackElo "2000"]
[WhiteCountry "MAR"]
[BlackCountry "CRC"]
[Result "1/2-1/2"]

1. Nf3 d5 2. b3 Nf6 3. Bb2 e6 4. e3 Be7 5. Be2 O-O 6. O-O c5 7. c4 Nc6 
8. cxd5 Nxd5 9. e4 Nf4 10. Re1 Nxe2+ 11. Qxe2 Nb4 12. d4 cxd4 13. Nxd4 Bd7 
14. Rd1 Rc8 15. Nc3 a6 16. Kh1 Nc6 17. Nxc6 Rxc6 18. e5 Qc8 19. Qf3 Rc7 
20. Qg3 Bc6 21. Ne2 Rd8 22. Nf4 Rcd7 23. Rxd7 Qxd7 24. h3 Be4 25. Qe3 Bc6 
26. Qg3 Be4 27. Qe3 Bc6 28. Qg3 Bc5 
1/2-1/2

[Event "34th Chess Olympiad (women)"]
[Site "Istanbul"]
[Date "2000.11.04"]
[Round "7.37.1"]
[White "Mtine, Joy"]
[Black "Connolly, Suzanne"]
[WhiteElo "2000"]
[BlackElo "2105"]
[WhiteCountry "ZAM"]
[BlackCountry "IRL"]
[Result "0-1"]

1. e4 c6 2. Nf3 d5 3. exd5 cxd5 4. Bb5+ Bd7 5. Bxd7+ Nxd7 6. d4 e6 7. O-O Ngf6 
8. a3 Bd6 9. Bg5 O-O 10. Nc3 a6 11. Re1 Qc7 12. Bh4 b5 13. Bg3 Bxg3 
14. fxg3 Rab8 15. Qd3 Rfc8 16. Re2 Qc4 17. Qd2 a5 18. a4 b4 19. Nb5 Ne4 
20. Qd1 Rd8 21. Qf1 Rf8 22. Rc1 h6 23. Nd2 Nxd2 24. Rxd2 Qxf1+ 25. Rxf1 Nf6 
26. Rdd1 Ne4 27. Rc1 Rbc8 28. Rfe1 Rfd8 29. g4 Nd6 30. Nxd6 Rxd6 31. b3 Rdc6 
32. Re2 Rc3 33. Rf2 R8c7 34. Rf3 Rxc2 35. Rxc2 Rxc2 36. Rd3 Rc3 37. Rf3 Kf8 
38. Kf2 Rc2+ 39. Kg3 g5 40. Rd3 Rc3 41. Rf3 Rc2 42. Rd3 Ke7 43. Kf3 Kd6 
44. h3 f6 45. g3 e5 46. dxe5+ fxe5 47. Ke3 e4 48. Rd1 Rc3+ 49. Kf2 Rxb3 
50. h4 Rc3 51. hxg5 hxg5 52. Rh1 b3 
0-1

[Event "34th Chess Olympiad (women)"]
[Site "Istanbul"]
[Date "2000.11.04"]
[Round "7.37.2"]
[White "O`Siochru, Mairead"]
[Black "Banda, Mercy"]
[WhiteElo "2000"]
[BlackElo "2000"]
[WhiteCountry "IRL"]
[BlackCountry "ZAM"]
[Result "1/2-1/2"]

1. e4 e5 2. Nf3 d6 3. Bc4 h6 4. d3 Nf6 5. h3 a6 6. Be3 Nc6 7. Nbd2 Qe7 
8. O-O Be6 9. Bxe6 Qxe6 10. d4 exd4 11. Nxd4 Nxd4 12. Bxd4 O-O-O 13. Re1 Rg8 
14. Qf3 Nd7 15. Qf5 g6 16. Qxe6 fxe6 17. Rad1 Bg7 18. Nb3 Bxd4 19. Rxd4 Ne5 
20. Red1 Nc6 21. R4d2 Ne5 22. Rd4 Nc6 23. Ra4 h5 24. Nd4 Nxd4 25. Raxd4 g5 
26. R4d3 Rdf8 27. Re1 h4 28. Ree3 Rf7 29. e5 d5 30. Rd4 Rgf8 31. f3 Rf4 
32. c3 c5 33. Rxf4 Rxf4 34. Kf2 
1/2-1/2

[Event "34th Chess Olympiad (women)"]
[Site "Istanbul"]
[Date "2000.11.04"]
[Round "7.37.3"]
[White "Munsaka, Laura"]
[Black "Shaughnessy, Elizabeth"]
[WhiteElo "2000"]
[BlackElo "2000"]
[WhiteCountry "ZAM"]
[BlackCountry "IRL"]
[Result "0-1"]

1. e4 e5 2. Nf3 Nc6 3. Bc4 Bc5 4. d3 Nf6 5. O-O d5 6. exd5 Nxd5 7. Re1 f6 
8. c3 O-O 9. d4 exd4 10. Nxd4 Nxd4 11. cxd4 Bb4 12. Bd2 Bxd2 13. Qxd2 Kh8 
14. Bxd5 Qxd5 15. Nc3 Qh5 16. Qf4 c6 17. Qc7 Re8 18. Re7 Qg6 19. Rae1 Bf5 
20. Qxb7 h6 21. Qxc6 Red8 22. d5 Rac8 23. Qa6 Bh3 24. g3 Rb8 25. b3 Qg4 
26. Qd3 Qb4 27. Qg6 Rg8 28. Nd1 Rbd8 
0-1